| 000 | 00562nam a2200145Ia 4500 | ||
|---|---|---|---|
| 008 | 151213s9999 xx 000 0 und d | ||
| 100 | _aসিরাজুল ইসলাম চেীধুরী। | ||
| 245 |
_aঅনতিক্রান্ত বৃত্ত _cসিরাজুল ইসলাম চেীধুরী। |
||
| 260 |
_aঢাকা _bমুক্তধারা _c1977 |
||
| 300 | _a8459 p. | ||
| 650 | _aBangla | ||
| 650 | _aBengali Literature | ||
| 700 | _aসিরাজুল ইসলাম চেীধুরী। | ||
| 999 |
_c4297 _d4297 |
||